|
|
|
|
| LEADER |
00000nab a2200000 a 4500 |
| 001 |
vtls000875197 |
| 003 |
SK-MaSNL |
| 005 |
20260303191021.0 |
| 008 |
131021c2004 xo 0 slo |
| 015 |
|
|
|a SNBRB2004/06-17609
|
| 035 |
|
|
|a CLN000226749
|
| 040 |
|
|
|a SNKBUCL
|b slo
|c SNKBUCL
|e AACR2
|
| 041 |
0 |
|
|a slo
|
| 044 |
|
|
|a xo
|c SK
|
| 080 |
|
|
|a 811.16`373.6
|2 1997
|
| 080 |
|
|
|a 811.162.4`373.6
|2 1997
|
| 080 |
|
|
|a 811.162.4`373
|2 1997
|
| 080 |
|
|
|a 811.16`373
|2 1997
|
| 080 |
|
|
|a 81`373.6:811.162.4:811.16
|2 1997
|
| 080 |
|
|
|a 81`373:811.162.4:811.16
|2 1997
|
| 100 |
1 |
|
|a Ondruš, Šimon,
|d 1924-2011
|4 aut
|9 170117
|
| 245 |
1 |
0 |
|a Nebohé sloveso kľudiť a jeho pastorča kľud
|c Šimon Ondruš
|
| 650 |
0 |
7 |
|a slovanské jazyky
|2 SNKPH
|9 1338
|
| 650 |
0 |
7 |
|a slovenčina
|2 SNKPH
|9 1350
|
| 650 |
0 |
7 |
|a slovná zásoba
|2 snkbucl
|9 66837
|
| 655 |
|
7 |
|a články z novín a časopisov
|2 snkbucl
|9 267496
|
| 655 |
|
7 |
|a články z odboru slavistika
|2 snkbucl
|9 150819
|
| 773 |
0 |
|
|t Slovenské pohľady
|g Roč. 4+120, č. 5 (2004), s. 131-134
|x 1335-7786
|
| 850 |
|
|
|a Slovenská národná knižnica v Martine
|
| 852 |
|
|
|a SNK
|b KIS3GCP
|
| 958 |
|
|
|a SS
|
| 992 |
|
|
|a RBX
|
| 999 |
|
|
|c 2139078
|d 2141008
|